| 000 | 00477cam a22001692a 4500 | ||
|---|---|---|---|
| 001 | 000208 | ||
| 003 | AR-FADEU | ||
| 008 | 311216ndici####xxu####################dd | ||
| 100 | _aRomero, Nieves | ||
| 710 | _aCuoto, Graciela Susana | ||
| 245 | _aPautas básicas para el abordaje de la realidad indigena | ||
| 260 | _bUniversidad Nacional del Comahue | ||
| 260 | _aNeuquén | ||
| 260 | _cdiciembre 1985 | ||
| 650 | _aINDIGENAS/SERVICIO SOCIAL-SEMINARIO/ | ||
| 942 | _cFOLLETO | ||
| 999 |
_c1045 _d1045 |
||